000
00266nam a2200097Ia 4500
082
_a
796.4252 MURP
245
0
_a
Marathon : from start to finish
100
_a
MURPHY, Sam London, 2004
_9
96490
942
_c
BK
008
210817s9999 xx 000 0 und d
999
_c
405566
_d
405565